000
00305nam a2200121Ia 4500
008
220204s9999 xx 000 0 und d
082
_a
631.544.72:635.11.8
_b
ROW
100
_a
ROWE-DUTTON, Patricia
245
0
_a
Mulching of vegetables
260
_a
England
_b
CAB
_c
1957
650
_a
Mulching
942
_c
BK
999
_c
19558
_d
19558